000 00442nam a2200133Ia 4500
008 220216s9999 xx 000 0 und d
100 _aWitty M
_cet al
245 0 _aStructure and expression of chloroplast-localized pophobilinogen deaminase from pea (Pisum sativum L.) isolated by redundant polymerase chain reaction
260 _bPlant Physiology
_c1993
300 _a139-147
500 _aSource Year: 1994
856 _uPBA
942 _cJS
999 _c69464
_d69464